000 01279cam a2200301Ma 4500
001 98001
005 20230410115610.0
008 070228s2007 sp a b 000 0 spa d
035 _a(OCoLC)ocn500080111
040 _aUKMGB
_cUKMGB
016 7 _a013685262
_2Uk
035 _a(OCoLC)500080111
050 1 4 _aHF 3688
_bR382 2007
245 0 0 _aRelaciones económicas bilaterales entre España y Corea :
_buna oportunidad para crecer conjuntamente /
_ccoordinador, Alvaro Hidalgo Vega.
260 _aMadrid :
_bFundación Real Instituto Elcano,
_cc2007.
300 _a152 p. :
_bill. ;
_c23 cm.
500 _aEn inglés: Bilateral economic relations between Spain and Korea : an opportunity to grow together.
651 0 _aSpain
_xForeign economic relations
_zKorea (South)
651 0 _aKorea (South)
_xForeign economic relations
_zSpain.
651 4 _aEspaña
_xRelaciones económicas
_zCorea (República)
651 4 _aCorea (República)
_xRelaciones económicas
_zEspaña.
651 4 _aEspaña
_xRelaciones económicas exteriores
_zCorea.
651 4 _aCorea
_xRelaciones económicas exteriores
_zEspaña.
700 1 _aHidalgo Vega, Alvaro,
_ecoord.
710 2 _aReal Instituto Elcano de Estudios Internacionales y Estratégicos.
942 _2lcc
_cbk
994 _aC0
_bDRFGD
999 _c44374
_d44374